Normal view
MARC view
Entry Personal Name
001 - CONTROL NUMBER
- control field: 630333
003 - CONTROL NUMBER IDENTIFIER
- control field: OSt
005 - DATE AND TIME OF LATEST TRANSACTION
- control field: 20221005121301.0
008 - FIXED-LENGTH DATA ELEMENTS
- fixed length control field: 221005|| aca||aabn | a|a d
040 ## - CATALOGING SOURCE
- Original cataloging agency: OSt
- Transcribing agency: OSt
100 ## - HEADING--PERSONAL NAME
- Personal name: Abuil-Hasan'Ali B Abi Bakral-Harawi
670 ## - SOURCE DATA FOUND
- Source citation: Work cat.: (OSt)1040651: Abuil-Hasan'Ali B Abi Bakral-Harawi, Guide des lieux de pelerinage tr by Janine sourdel - Thomine., 1957
